Coil design and construction manual (Record no. 180621)

000 -LEADER
fixed length control field 00975 a2200181 4500
003 - CONTROL NUMBER IDENTIFIER
control field Nust
005 - DATE AND TIME OF LATEST TRANSACTION
control field 20170207153152.0
040 ## - CATALOGING SOURCE
Transcribing agency Nust
082 ## - DEWEY DECIMAL CLASSIFICATION NUMBER
Classification number 621.314
245 ## - TITLE STATEMENT
Title Coil design and construction manual
Statement of responsibility, etc. editor Cilve Sinclair
250 ## - EDITION STATEMENT
Edition statement 1st ed
260 ## - PUBLICATION, DISTRIBUTION, ETC.
Place of publication, distribution, etc. V, Cooper & Partners Ltd
Name of publisher, distributor, etc. London
Date of publication, distribution, etc. 1960
300 ## - PHYSICAL DESCRIPTION
Extent 84 p
505 ## - FORMATTED CONTENTS NOTE
Formatted contents note Radio Frequency (Page-5),The Design And Construction R.F(Page-12),The Design And Construction H.F(Page-29),The Design And Construction Of Power (Page-31),The Design And Construction Of Low Frequency(Page-41),Chokes Carrying(Page-44),Inter-Value Transformers(Page-52),Output Transformers(Page-56),Air Gap Determination(Page-59),Push-Pull Output And Loudspeaker (Page-60),Input Transformers(Page-66), Push-Pull Inter-Value(Page-69),Construction Details(Page-71),Methods Of Tasting(Page-76),Calculation Of Wire(Page-79).
538 ## - SYSTEM DETAILS NOTE
System details note Almirah No.31 Shelf No.1
600 ## - SUBJECT ADDED ENTRY--PERSONAL NAME
Personal name Cilve Sinclair
650 ## - SUBJECT ADDED ENTRY--TOPICAL TERM
Topical term or geographic name entry element Coil design and construction manual
942 ## - ADDED ENTRY ELEMENTS (KOHA)
Source of classification or shelving scheme
Koha item type Book
Holdings
Withdrawn status Lost status Source of classification or shelving scheme Damaged status Not for loan Permanent Location Current Location Shelving location Date acquired Full call number Barcode Date last seen Price effective from Koha item type Public note
          Military College of Signals (MCS) Military College of Signals (MCS) General Stacks 12/12/2016 621.314 COL MCS6697 12/08/2016 12/12/2016 Book Almirah No 88, Shelf No 2
© 2023 Central Library, National University of Sciences and Technology. All Rights Reserved.